01160nab a22002177a 4500003000400000005001700004008004100021040000700062100002600069245014500095300001300240500003700253505020700290505013600497650002300633650005200656650003200708650002300740650002900763773015000792OSt20260101190950.0190514b xxu||||| |||| 00| 0 spa d cPJ aToledo, Paula Andrea 10aIntervención de abogado/a de niñas, niños y adolescentes, tutor/a especial o intervención de manera conjunta /cPaula Andrea Toledo. ap. 72-76 aCita: TR LALEY AR/DOC/3264/2024. aSumario: I. Palabras liminares.— II. El rol del Ministerio Público (MP).— III. El rol del abogado/a de niños, niñas, y adolescentes (ANNA), la tutela especial y el interés superior de NNA.  aFallo comentado: C2aCiv. y Com., La Plata, sala I ~ 02/07/2024 ~ P. H. E. c. F. D. Y. s/ protección contra la violencia familiar. 0aDERECHO DE FAMILIA 0aDERECHOS DE LAS NIÑAS, NIÑOS Y ADOLESCENTES 0aINTERES SUPERIOR DEL NIÑO 0aABOGADO DEL NIÑO 0aJURISPRUDENCIA APLICABLE0 02844dBuenos Aires : AbeledoPerrot, 1989-tDerecho de familia. Revista Interdisciplinaria de doctrina y jurisprudencia. Febrero 2025-I.z18511201